Introduction to electromagnetic fields / (Record no. 184319)

000 -LEADER
fixed length control field 01032 a2200217 4500
003 - CONTROL NUMBER IDENTIFIER
control field Nust
005 - DATE AND TIME OF LATEST TRANSACTION
control field 20170207153341.0
010 ## - LIBRARY OF CONGRESS CONTROL NUMBER
LC control number 81005062
020 ## - INTERNATIONAL STANDARD BOOK NUMBER
International Standard Book Number 0070458847
040 ## - CATALOGING SOURCE
Transcribing agency Nust
082 00 - DEWEY DECIMAL CLASSIFICATION NUMBER
Classification number 537
100 1# - MAIN ENTRY--PERSONAL NAME
Personal name Paul, Clayton R.
245 10 - TITLE STATEMENT
Title Introduction to electromagnetic fields /
Statement of responsibility, etc. Clayton R. Paul, Syed A. Nasar.
260 ## - PUBLICATION, DISTRIBUTION, ETC.
Place of publication, distribution, etc. New York :
Name of publisher, distributor, etc. McGraw-Hill,
Date of publication, distribution, etc. c1982.
300 ## - PHYSICAL DESCRIPTION
Extent xv, 567 p. :
Other physical details ill. ;
Dimensions 25 cm.
440 #0 - SERIES STATEMENT/ADDED ENTRY--TITLE
Title McGraw-Hill series in electrical engineering.
505 ## - FORMATTED CONTENTS NOTE
Formatted contents note Introduction (Page-1) Vectors (Page-9) Electrostatic Fields (Page-69) Magnetostatic Fields (Page-139) Maxwell’s Equations (Page-187) Propagation of Uniform Plane Waves (Page-241) Transmission Lines (Page-289) Waveguides (Page-359) Antenna (Page-381) Equations Governing Potential Functions (Page-439) Vector Identities and Vector Operations (Page-499) Faraday’s for Moving Contours (Page-507) The Smith Chart (Page-523)
538 ## - SYSTEM DETAILS NOTE
System details note Almirah No.17 Shelf No.2
650 #0 - SUBJECT ADDED ENTRY--TOPICAL TERM
Topical term or geographic name entry element Electromagnetic fields.
700 1# - ADDED ENTRY--PERSONAL NAME
Personal name Nasar, S. A.
942 ## - ADDED ENTRY ELEMENTS (KOHA)
Source of classification or shelving scheme
Koha item type Book
Holdings
Withdrawn status Lost status Source of classification or shelving scheme Damaged status Not for loan Collection code Permanent Location Current Location Date acquired Total Checkouts Full call number Barcode Date last seen Price effective from Koha item type
            Military College of Signals (MCS) Military College of Signals (MCS) 12/12/2016   537 PAU MCS6479 12/08/2016 12/12/2016 Book
© 2023 Central Library, National University of Sciences and Technology. All Rights Reserved.